| 000 | 00383nam a2200133Ia 4500 | ||
|---|---|---|---|
| 008 | 220204s9999 xx 000 0 und d | ||
| 082 |
_a633:581.1'5 _bLAN |
||
| 100 | _aCUTTING, C V | ||
| 245 | 0 | _aEnvironmental effects on crop physiology: Fifth Ashton symposium 1975 | |
| 260 |
_aLondon _bAcademic _c1977 |
||
| 650 | _aEnvironmental stress | ||
| 700 | _aLANDSBERG, J J | ||
| 942 | _cBK | ||
| 999 |
_c26691 _d26691 |
||